Pays participants à l'Euro (football) - Statistiques

Statistiques générales
  • Ce quiz a été pris 447 fois
  • Le résultat moyen est 29 sur 35
Statistiques - réponses
Nombre de participations Meilleure performance Pays % Correct
9 Vainqueur (2 fois) France
99%
10 Vainqueur (3 fois) Espagne
97%
12 Vainqueur (3 fois) Allemagne
96%
9 Vainqueur Italie
96%
7 Vainqueur Portugal
96%
9 Demi-finale Angleterre
93%
9 Vainqueur Pays-Bas
92%
5 Finaliste Belgique
91%
6 Demi-finale Suède
90%
3 8e de finale Irlande
89%
4 Vainqueur Grèce
87%
5 Demi-finale Russie
87%
4 8e de finale Suisse
87%
8 Vainqueur Danemark
86%
4 Quart de finale Croatie
85%
1 1er tour Norvège
84%
3 Quart de finale Pologne
84%
2 1er tour Autriche
83%
4 Demi-finale Turquie
83%
1 Quart de finale Islande
82%
2 1er tour Ukraine
81%
3 8e de finale Hongrie
80%
2 1er tour Ecosse
79%
1 8e de finale Slovaquie
79%
1 Demi-finale Pays de Galles
78%
5 Quart de finale Roumanie
78%
1 1er tour Slovénie
76%
1 1er tour Albanie
74%
2 1er tour Bulgarie
73%
1 8e de finale Irlande du Nord
71%
6 Finaliste République Tchèque
70%
6* Vainqueur Union soviétique
65%
5* Finaliste Yougoslavie
63%
3* Vainqueur Tchécoslovaquie
58%
1 1er tour Lettonie
53%
Aucun quiz correspondant
Distribution des résultats
% des personnes avec chaque résultat
Percentile par nombre de réponses
Votre historique - résultats
Vous n’avez pas pris ce quiz